00305nam a2200133Ia 4500008004100000020001500041041001200056082001600068100001800084245001700102260002900119300000800148650001500156221030s9999 xx 000 0 und d a8174462252 aEnglish a105.23bGul aS. S. Gulshan 0aBusiness Law bExcel BooksaIndiac2002 a640 aManagement